000 00417nam a2200145 4500
005 20260327091933.0
008 260327b |||||||| |||| 00| 0 eng d
020 _a978-0-07-175487-3
100 _aHecht Eugene
245 _aSchaum's Outline College Physics
_c/Eugene Hecht
250 _a11th ed
260 _aUnited States of America;
_bMcGraw-Hill Companies;
_c2012
300 _ax,513p.ill;
_c28cm
942 _2lcc
_n0
_cBK
999 _c198
_d198